000 00602nam a2200217Ia 4500
003 OSt
005 20230626102655.0
008 210423s9999 xx 000 0 und d
020 _a9788130914510
040 _cAL
041 _aeng
082 _a809.93592
_223
_bMONA
100 _aMONDAL (Anshuman A)
_993133
245 _aAmitav Ghosh: contemporary world writers
260 _bViva Books Pvt Ltd
_aNew Delhi
_c2013
300 _axviii,211
_bPB
365 _b195
_cINR
650 _aHistory of Literature
_993134
906 _aAmitav ; contemporary ; Ghosh: ; world ; writers
942 _2ddc
_cBK
999 _c161080
_d161080